Welcome to CU Library Online Public Access Catalogue (OPAC)

Accreditation issues for emergency departments : (Record no. 2997)

MARC details
000 -LEADER
fixed length control field 00766cam a22002174a 4500
001 - CONTROL NUMBER
control field 12961322
005 - DATE AND TIME OF LATEST TRANSACTION
control field 20250124120708.0
008 - FIXED-LENGTH DATA ELEMENTS--GENERAL INFORMATION
fixed length control field 021008s2003 ilua b 001 0 eng
020 ## - INTERNATIONAL STANDARD BOOK NUMBER
International Standard Book Number 086688792X
050 00 - LIBRARY OF CONGRESS CALL NUMBER
Classification number RA975.5.E5
Item number A26 2003
082 00 - DEWEY DECIMAL CLASSIFICATION NUMBER
Classification number 362.11/068
Edition information 22
245 00 - TITLE STATEMENT
Title Accreditation issues for emergency departments :
Remainder of title improving health care quality and safety.
260 ## - PUBLICATION, DISTRIBUTION, ETC.
Place of publication, distribution, etc. Oakbrook Terrace, IL :
Name of publisher, distributor, etc. Joint Commission Resources,
Date of publication, distribution, etc. c2003.
300 ## - PHYSICAL DESCRIPTION
Extent ix, 150 p. :
Other physical details ill. ;
Dimensions 28 cm.
650 #0 - SUBJECT ADDED ENTRY--TOPICAL TERM
Topical term or geographic name entry element Hospitals
General subdivision Emergency services
-- Quality control.
650 #0 - SUBJECT ADDED ENTRY--TOPICAL TERM
Topical term or geographic name entry element Hospitals
General subdivision Emergency services
-- Safety measures.
650 #0 - SUBJECT ADDED ENTRY--TOPICAL TERM
Topical term or geographic name entry element Medical emergencies.
650 #0 - SUBJECT ADDED ENTRY--TOPICAL TERM
Topical term or geographic name entry element Hospitals
General subdivision Needs assessment.
710 2# - ADDED ENTRY--CORPORATE NAME
Corporate name or jurisdiction name as entry element Joint Commission Resources, Inc.
942 ## - ADDED ENTRY ELEMENTS (KOHA)
Source of classification or shelving scheme Library of Congress Classification
Koha item type Books
Suppress in OPAC No
999 ## -
-- 2997
-- 2997
Holdings
Withdrawn status Lost status Source of classification or shelving scheme Damaged status Not for loan Collection Home library Current library Shelving location Date acquired Total checkouts Full call number Barcode Date last seen Copy number Price effective from Koha item type
    Library of Congress Classification     Non-fiction Science Library (Miotso) Science Library (Miotso) General stacks 01/24/2025   RA975.5 .A26 ACC SLM00002377 01/24/2025 1 01/24/2025 Books
    Library of Congress Classification     Non-fiction Science Library (Miotso) Science Library (Miotso) General stacks 01/24/2025   RA975.5 .A26 ACC SLM00002378 01/24/2025 2 01/24/2025 Books
    Library of Congress Classification     Non-fiction Science Library (Miotso) Science Library (Miotso) General stacks 01/24/2025   RA975.5 .A26 ACC SLM00002379 01/24/2025 3 01/24/2025 Books
    Library of Congress Classification     Non-fiction Science Library (Miotso) Science Library (Miotso) General stacks 01/24/2025   RA975.5 .A26 ACC SLM00002448 01/24/2025 4 01/24/2025 Books
    Library of Congress Classification     Non-fiction Science Library (Miotso) Science Library (Miotso) General stacks 01/24/2025   RA975.5 .A26 ACC SLM00002449 01/24/2025 5 01/24/2025 Books
    Library of Congress Classification     Non-fiction Science Library (Miotso) Science Library (Miotso) General stacks 01/24/2025   RA975.5 .A26 ACC SLM00002450 01/24/2025 6 01/24/2025 Books
    Library of Congress Classification     Non-fiction Science Library (Miotso) Science Library (Miotso) General stacks 01/24/2025   RA975.5 .A26 ACC SLM00002451 01/24/2025 7 01/24/2025 Books
© 2023-2024 Copyright: Central University Libraries. All Rights Reserved | Created by: Mahone Tech Office